| 000 | 00456nam a2200157 a 4500 | ||
|---|---|---|---|
| 001 | 000029215 | ||
| 005 | 20260302100709.0 | ||
| 008 | 110414s1985 dr 000 0 spa d | ||
| 040 |
_aDO-SdBNP _bspa _cBNPHU |
||
| 082 |
_axxxx _bA473h |
||
| 100 | 1 |
_aÁlvarez Bogaert, Fernando, _d1941- _96927 |
|
| 245 | 1 | 0 |
_aHay solución / _cFernando Álvarez Bogaert. |
| 260 |
_aSanto Domingo : _bImpresora Dominicana, _c1985. |
||
| 300 |
_a83 p. ; _c22 cm. |
||
| 049 | _aBNPD | ||
| 999 |
_c28707 _d28707 |
||